Les Livres les Plus Controversés de l’Histoire - Statistiques

Statistiques générales
  • Ce quiz a été pris 39 fois
  • Le résultat moyen est 2 sur 10
Statistiques - réponses
Auteurs Titres % Correct
George Orwell 1984
100%
Aldous Huxley Le Meilleur des mondes
49%
J.D. Salinger L’Attrape-cœurs
22%
William Golding Sa Majesté des mouches
14%
Ray Bradbury Chroniques martiennes
11%
Mark Twain Les Aventures de Huckleberry Finn
3%
Anthony Burgess L’Orange mécanique
3%
Kurt Vonnegut, Jr. Abattoir 5
0%
Ernest Hemingway L’Adieu aux armes
0%
Stephen King Shining, l’enfant lumière
0%
Aucun quiz correspondant
Distribution des résultats
% des personnes avec chaque résultat
Percentile par nombre de réponses
Votre historique - résultats
Vous n’avez pas pris ce quiz